MARC

LEADER 00000cam a2200000 7i4500
001 0000018417
005 20071204.0
040 |a INS 
090 0 0 |a AVO77 
110 2 |a Kursus induksi umum & modul kenegaraan bagi kumpulan 1   |k 2006 14 - 29 Jun   |c INSPEN, Bangi 
245 0 0 |a Kursus induksi umum & modul kenegaraan bagi kumpulan 1(Pengurusan & profesional gred W41) :   |b 14 - 29 Jun 2006   |c Anjuran Pusat Pengurusan dan Teknologi Maklumat INSPEN 
260 |a Bangi :   |b Institut Penilaian Negara ,   |c 2006 
300 |a 1 v. (Mukasurat pelbagai) :   |b ill, pic ;   |c 30 cm. 
610 1 0 |a Jabatan Penilaian dan Perkhidmatan Harta   |x Employees   |x Training of 
650 0 0 |a Civil services   |x Officials and employees   |x Training of 
650 0 0 |a Employees   |x Training of   |z Malaysia 
710 1 |a INSPEN (Institut Penilaian Negara) 
856 |u http://app.inspen.gov.my:7779/pls/portal/docs/PAGE/CORPORATEPAGES/PORTAL_INSPEN/NOTA_KURSUS/AVO/KURSUS%20INDUKSI%20UMUM%20DAN%20MODUL%20KENEGARAAN%20KUMP%201%20GRED%2041.PDF 
999 |a AVO0000115   |b BOOK   |c Course Notes   |e Default branch 
999 |a AVO0000116   |b BOOK   |c Course Notes   |e Default branch 
999 |a AVO0000136   |b BOOK   |c Course Notes   |e Default branch